00000000cam 2200000zi 4500
0019.960775
003CaOODSP
00520260603133112
006m     o  d f      
007cr cn|||||||||
008260310s2026    onc     obs  f000 0 eng d
020 |a9780660988818
040 |aCaOODSP|beng|erda|cCaOODSP
043 |an-cn---
0861 |aPS84-258/2026E-PDF
0861 |aPS82-4/25-28E-PDF
1001 |aSmith, Jonathan, |eauthor.
24510|aImpacts of an Overdose Prevention Service on reducing harm / |cprepared by: Jonathan Smith; Daniella Filloso; Shannon Thompson.
264 1|a[Ottawa] : |bCorrectional Service Canada = Service correctionnel du Canada, |c2026.
300 |a1 online resource (1 unnumbered page).
336 |atext|btxt|2rdacontent
337 |acomputer|bc|2rdamedia
338 |aonline resource|bcr|2rdacarrier
4901 |aResearch in brief ; |vRIB-25-28
500 |aCaption title.
500 |aIssued also in French under title: Incidence d'un service de prévention des surdoses sur la réduction des méfaits.
504 |aIncludes bibliographical references.
520 |a"The implementation of an Overdose Prevention Service (OPS) at five sites between 2019 and 2025 was associated with a reduction in the number, rate, and adverse health impact of overdoses in CSC"--Page [1].
650 0|aPrisoners|xSubstance use|zCanada|xPrevention.
650 0|aPrisoners|xDrug use|zCanada|vStatistics.
650 0|aDrugs|xOverdose|zCanada|xPrevention.
7102 |aCorrectional Service Canada, |eissuing body.
77508|tIncidence d'un service de prévention des surdoses sur la réduction des méfaits / |w(CaOODSP)9.960776
830#0|aResearch in brief (Correctional Service Canada)|vRIB-25-28.|w(CaOODSP)9.805030
85640|qPDF|s689 KB|uhttps://publications.gc.ca/collections/collection_2026/scc-csc/PS84-258-2026-eng.pdf
8564 |qHTML|sN/A|uhttps://www.canada.ca/en/correctional-service/corporate/library/research/research-brief/25-28.html